| 000 | 00000nam##2200000za#4500 |
| 001 | 9.608730 |
| 003 | CaOODSP |
| 005 | 20240628092338 |
| 007 | ta |
| 008 | 150406|1992||||xxc||||| f|0| 0 eng|d |
| 020 | |a0-662-20379-8 |
| 040 | |aCaOODSP|beng |
| 043 | |an-cn--- |
| 086 | 1 |aEn49-24/1-24E |
| 110 | 1 |aCanada.|bEnvironment Canada. |bEnvironmental Protection. |
| 245 | 10|aToxicity test using luminescent bacteria (Photobacterium phosphoreum) |
| 260 | |aOttawa - Ontario : |bEnvironment Canada. |c1992, ©1993. |
| 300 | |a61p. : |bfigs., references, tables ; |c28 cm. |
| 490 | 1 |aEnvironmental Protection series |vEPS 1/RM/24 |
| 563 | |aSoftcover |
| 690 | 07|aMarine biology|2gcpds |
| 776 | 0#|tBiological test method - toxicity test using luminescent bacteria |w(CaOODSP)9.579452 |
| 830 | #0|aEnvironmental protection series reports ;|vEPS 1/RM/24|w(CaOODSP)9.514591 |